000 00292nam a2200121Ia 4500
008 240731s9999 xx 000 0 und d
022 _a1476-8321
245 0 _aPsychology & Health
260 _bRoutledge
856 _uhttps://www.tandfonline.com/loi/gpsh20
942 _2ddc
942 _cTFEJ
999 _c79074
_d79074
945 _a1
_bMadushi Gamage
_c1
_dMadushi Gamage